Monitoring o vzdelávaní a dodržiavaní ľudských práv v školskom a rodinnom prostredí za roky 2004 až 2019 trendová analýza zistení za obdobie pätnásť rokov
Uložené v:
| Hlavný autor: | |
|---|---|
| Korporativný autor: | |
| Médium: | Kniha |
| Jazyk: | Slovak |
| Vydavateľské údaje: |
Bratislava
Centrum vedecko-technických informácií SR
2020
|
| Predmet: | |
| Tagy: |
Žiadne tagy, Buďte prvý, kto otaguje tento záznam!
|
MARC
| LEADER | 00000nam a2200000 4500 | ||
|---|---|---|---|
| 001 | 0278708 | ||
| 005 | 20240306142018.3 | ||
| 020 | |a 978-80-89965-45-8 | ||
| 041 | 0 | |a slo | |
| 044 | |a SK | ||
| 245 | 1 | 0 | |a Monitoring o vzdelávaní a dodržiavaní ľudských práv v školskom a rodinnom prostredí za roky 2004 až 2019 |b trendová analýza zistení za obdobie pätnásť rokov |c Marcela Bieliková |
| 264 | 1 | |a Bratislava |b Centrum vedecko-technických informácií SR |c 2020 | |
| 300 | |a 61 s. | ||
| 610 | 2 | 0 | |a spoločnosť |
| 610 | 2 | 0 | |a školstvo |
| 610 | 2 | 0 | |a rodina |
| 610 | 2 | 0 | |a vzdelávanie |
| 610 | 2 | 0 | |a práva ľudské |
| 610 | 2 | 0 | |a výskum sociologický |
| 610 | 2 | 0 | |a monitoring |
| 610 | 2 | 0 | |a údaje štatistické |
| 610 | 2 | 0 | |a žiaci |
| 610 | 2 | 0 | |a učitelia |
| 610 | 2 | 0 | |a Slovensko |
| 610 | 2 | 0 | |a 2004-2019 |
| 100 | 1 | |a Bieliková, Marcela | |
| 710 | 2 | |a Ministerstvo školstva, vedy, výskumu a športu Slovenskej republiky | |